[Event "19th Hoogeveen op"]
[Site "Hoogeveen NED"]
[Date "2015.10.24"]
[Round "9.15"]
[White "Klapwijk, Bram"]
[Black "De Jong, Migchiel"]
[Result "0-1"]
[WhiteElo "2151"]
[BlackElo "2328"]
[EventDate "2015.10.17"]
[PlyCount "42"]

1.e4 e6 2.d4 d5 3.Nd2 c5 4.c3 cxd4 5.cxd4 dxe4 6.Nxe4 Bb4+ 7.Nc3 Nf6 8.Nf3
Qc7 9.Bd2 O-O 10.Bd3 b6 11.Rc1 Bxc3 12.bxc3 Nbd7 13.O-O Bb7 14.Re1 Rfe8 
15.Ne5 Nxe5 16.dxe5 Qc6 17.f3 Ng4 18.Re4 Qc5+ 19.Rd4 Rad8 20.Bxh7+ Kxh7 
21.Bg5 f6 0-1

[Event "19th Hoogeveen op"]
[Site "Hoogeveen NED"]
[Date "2015.10.24"]
[Round "9.16"]
[White "Majhi, Ankit"]
[Black "Hulshof, Peter"]
[Result "0-1"]
[WhiteElo "2233"]
[BlackElo "2175"]
[EventDate "2015.10.17"]
[PlyCount "128"]

1.e4 g6 2.d4 Bg7 3.Nf3 c6 4.c3 d5 5.Nbd2 dxe4 6.Nxe4 Nf6 7.Nxf6+ exf6 8.
Bc4 O-O 9.O-O Nd7 10.Bb3 Nb6 11.a4 a5 12.Re1 Re8 13.Bd2 Rxe1+ 14.Qxe1 Bg4 
15.Qe2 Nd5 16.h3 Be6 17.Bc4 Qb6 18.b3 Re8 19.Re1 Bf8 20.Qe4 Nc7 21.Qf4 
Bxc4 22.bxc4 Rxe1+ 23.Nxe1 Kg7 24.Qh6+ Kg8 25.Qf4 Kg7 26.c5 Qb2 27.Nf3 Nd5
28.Qb8 g5 29.c4 Ne7 30.Be3 Qb3 31.d5 cxd5 32.cxd5 Qd1+ 33.Kh2 Qxd5 34.Bd4 
Ng6 35.Qc7 h5 36.Be3 Ne5 37.Nd2 Nd3 38.Qxa5 Bxc5 39.Kg1 Qc6 40.Bxc5 Qxc5 
41.Qxc5 Nxc5 42.a5 Kf8 43.Kf1 Ke7 44.Ke2 Ke6 45.Ke3 Kd5 46.g3 f5 47.h4 f6 
48.Nf1 Nb3 49.f4 g4 50.Kd3 Nxa5 51.Ne3+ Ke6 52.Kc3 Nc6 53.Kc4 Ne7 54.Kc5 
b6+ 55.Kb5 Kd6 56.Nc4+ Kd5 57.Nxb6+ Ke4 58.Nd7 Kf3 59.Nxf6 Kxg3 60.Kc4 
Kxf4 61.Nxh5+ Kf3 62.Ng7 g3 63.Ne6 g2 64.Nd4+ Kf2 0-1

[Event "19th Hoogeveen op"]
[Site "Hoogeveen NED"]
[Date "2015.10.24"]
[Round "9.17"]
[White "Bluhm, Sonja Maria"]
[Black "Van Foreest, Lucas"]
[Result "1-0"]
[WhiteElo "2128"]
[BlackElo "2296"]
[EventDate "2015.10.17"]
[PlyCount "73"]

1.e4 Nf6 2.e5 Nd5 3.c4 Nb6 4.d4 d6 5.exd6 cxd6 6.Nc3 g6 7.Be3 Bg7 8.Rc1 
O-O 9.Nf3 Nc6 10.h3 Re8 11.Be2 d5 12.c5 Nc4 13.Bxc4 dxc4 14.Qa4 e5 15.dxe5
Be6 16.Rd1 Qe7 17.Nd5 Bxd5 18.Rxd5 Bxe5 19.Nxe5 Nxe5 20.O-O Qh4 21.Rfd1 
Qe4 22.R5d4 Qf5 23.Rd5 Qe4 24.R5d4 Qf5 25.Rd5 h5 26.Qb4 Rab8 27.Qc3 Qe4 
28.R5d4 Qc6 29.Rd5 Qe6 30.Bf4 Nd3 31.Bh6 f6 32.Rd6 Qe2 33.Qxc4+ Kh7 34.
R6xd3 b5 35.cxb6 axb6 36.Bf4 Rh8 37.Qf7# 1-0

[Event "19th Hoogeveen op"]
[Site "Hoogeveen NED"]
[Date "2015.10.24"]
[Round "9.19"]
[White "Paulet, Iozefina"]
[Black "Sadallah, Osama"]
[Result "1-0"]
[WhiteElo "2184"]
[BlackElo "2067"]
[EventDate "2015.10.17"]
[PlyCount "117"]

1.e4 c5 2.Nc3 Nc6 3.Nf3 g6 4.Bb5 Bg7 5.Bxc6 bxc6 6.O-O Nf6 7.Re1 O-O 8.e5 
Ng4 9.h3 Nh6 10.Ne4 d6 11.d3 Nf5 12.exd6 exd6 13.Bg5 Qb6 14.g4 f6 15.Bf4 
d5 16.Nc3 Qxb2 17.Na4 Qb4 18.c4 Nd4 19.Nxd4 cxd4 20.cxd5 cxd5 21.Rc1 Bd7 
22.Nc5 Rf7 23.Qf3 Bc6 24.Re6 Bb7 25.Bd6 Qd2 26.Rce1 Bc6 27.Kf1 Rc8 28.a3 
h6 29.R6e2 Qc3 30.Ne6 Bb5 31.Rd1 Kh7 32.Nf4 Qc6 33.Bb4 Rd8 34.Nxg6 f5 35.
Ne7 Qa6 36.Nxf5 Bf8 37.Qg3 Bxb4 38.axb4 Rdf8 39.Nxd4 Bd7 40.Qe5 Qb7 41.Qd6
Bc8 42.Rde1 Qd7 43.Qxf8 Rxf8 44.Re7+ Rf7 45.Rxd7 Bxd7 46.Re5 Bc8 47.Rxd5 
Bb7 48.Rd6 Bc8 49.f3 h5 50.Kg2 hxg4 51.hxg4 Rb7 52.b5 Bd7 53.Kg3 Kg7 54.f4
Kf7 55.f5 Ke7 56.Rh6 Kd8 57.f6 Bxb5 58.Nxb5 Rxb5 59.Rh8+ 1-0

[Event "19th Hoogeveen op"]
[Site "Hoogeveen NED"]
[Date "2015.10.24"]
[Round "9.21"]
[White "Clemens, Adrian HP"]
[Black "Bekedam, Tyro"]
[Result "1-0"]
[WhiteElo "2175"]
[BlackElo "1981"]
[EventDate "2015.10.17"]
[PlyCount "71"]

1.d4 Nf6 2.c4 g6 3.Nc3 Bg7 4.e4 d6 5.Nf3 O-O 6.Be2 Nc6 7.d5 Ne5 8.Nxe5 
dxe5 9.O-O e6 10.Be3 exd5 11.cxd5 Re8 12.Rc1 a6 13.h3 Bd7 14.Qb3 Qc8 15.
Bf3 h6 16.Rfd1 Kh7 17.Na4 Bxa4 18.Qxa4 Qd8 19.Qb3 b5 20.Rc6 Qd7 21.Rdc1 
Re7 22.Bc5 Ree8 23.Ba3 Ra7 24.Qc2 Rc8 25.Bc5 Raa8 26.Be3 h5 27.Rxc7 Rxc7 
28.Qxc7 Qxc7 29.Rxc7 Kg8 30.g4 hxg4 31.hxg4 Bf8 32.g5 Ne8 33.Rc6 Be7 34.
Be2 Kf8 35.f4 Bd6 36.f5 1-0

[Event "19th Hoogeveen op"]
[Site "Hoogeveen NED"]
[Date "2015.10.24"]
[Round "9.22"]
[White "Gieben, Stijn"]
[Black "Van Dorp, Folke"]
[Result "1-0"]
[WhiteElo "1955"]
[BlackElo "2168"]
[EventDate "2015.10.17"]
[PlyCount "79"]

1.e4 c5 2.Nf3 e6 3.d4 cxd4 4.Nxd4 Nf6 5.Nc3 Nc6 6.Be3 Bb4 7.Bd3 d5 8.O-O 
Bxc3 9.bxc3 dxe4 10.Bb5 Qc7 11.Nxc6 bxc6 12.Bf4 Qxf4 13.Bxc6+ Bd7 14.Bxa8 
O-O 15.Bb7 Bb5 16.Qd4 Bxf1 17.Rxf1 Ng4 18.g3 Qh6 19.h4 f5 20.Kg2 f4 21.
Qxe4 g5 22.Rh1 Rf5 23.Qd4 Qf8 24.Bf3 Ne5 25.Be4 fxg3 26.Bxf5 Qxf5 27.Qe3 
g4 28.Qg5+ Qxg5 29.hxg5 gxf2 30.Kxf2 Nf7 31.Rh4 Nxg5 32.Rxg4 h6 33.Ra4 Kf7
34.Rxa7+ Kf6 35.a4 Ne4+ 36.Ke3 Nxc3 37.a5 Ke5 38.a6 Kd6 39.Rb7 Kc6 40.Rb3 
1-0

[Event "19th Hoogeveen op"]
[Site "Hoogeveen NED"]
[Date "2015.10.24"]
[Round "9.23"]
[White "Kevlishvili, Robby"]
[Black "Boer, Alef"]
[Result "1-0"]
[WhiteElo "2361"]
[BlackElo "2151"]
[EventDate "2015.10.17"]
[PlyCount "51"]

1.e4 Nf6 2.e5 Nd5 3.d4 d6 4.Nf3 dxe5 5.Nxe5 c6 6.Be2 Bf5 7.O-O Nd7 8.Nf3 
e6 9.c4 N5f6 10.Nc3 Qc7 11.Nh4 Bd6 12.Nxf5 exf5 13.g3 O-O 14.c5 Be7 15.Bf4
Qc8 16.Re1 Bd8 17.Bd3 g6 18.Bc4 Bc7 19.Bh6 Ng4 20.Bxf8 Qxf8 21.h3 Ngf6 22.
Qf3 Qh6 23.Kg2 Qd2 24.Qe3 Qxb2 25.Rab1 Qa3 26.Nd5 1-0

[Event "19th Hoogeveen op"]
[Site "Hoogeveen NED"]
[Date "2015.10.24"]
[Round "9.24"]
[White "Van der Marel, Bert"]
[Black "Van der Veen, Jan"]
[Result "1-0"]
[WhiteElo "2212"]
[BlackElo "2070"]
[EventDate "2015.10.17"]
[PlyCount "125"]

1.b3 Nf6 2.Bb2 g6 3.Nf3 Bg7 4.g3 O-O 5.Bg2 d5 6.O-O c5 7.c4 d4 8.b4 Re8 9.
d3 e5 10.bxc5 Nbd7 11.c6 bxc6 12.Nbd2 Rb8 13.Qc2 c5 14.Rfb1 Bb7 15.Ne4 
Nxe4 16.dxe4 f5 17.Nd2 Rf8 18.Bc1 Qc7 19.Rb3 Bc6 20.Rxb8 Qxb8 21.Rb1 Qd6 
22.Bh3 Qf6 23.f3 Bh6 24.Nb3 Bxc1 25.Rxc1 h5 26.Rf1 Ba8 27.Qc1 Kg7 28.Qa3 
Qb6 29.Rb1 Rf7 30.Qc1 Qd6 31.Qg5 Qf6 32.Qd2 fxe4 33.Bxd7 e3 34.Qa5 Rxd7 
35.Nxc5 Re7 36.Qd8 Bc6 37.Rb8 Re8 38.Qc7+ Re7 39.Qa5 e4 40.f4 d3 41.Qd8 
Kh7 42.Rb1 d2 43.Kg2 Kg7 44.h4 Rd7 45.Qe8 d1=Q 46.Rxd1 Rxd1 47.Ne6+ Kh6 
48.Qxc6 Rd2 49.Qxe4 Rxe2+ 50.Kf3 Qb2 51.Qa8 Rf2+ 52.Ke4 Qc2+ 53.Ke5 Qf5+ 
54.Kd6 Qf6 55.Qe4 Rd2+ 56.Kc6 e2 57.c5 Qe7 58.Kb5 Rb2+ 59.Kc4 a5 60.Qe5 
Rb4+ 61.Kc3 Kh7 62.Ng5+ Qxg5 63.hxg5 1-0

[Event "19th Hoogeveen op"]
[Site "Hoogeveen NED"]
[Date "2015.10.24"]
[Round "9.25"]
[White "Den Hartog, Marijn"]
[Black "Lewin, Tammo"]
[Result "1/2-1/2"]
[WhiteElo "2158"]
[BlackElo "2021"]
[EventDate "2015.10.17"]
[PlyCount "40"]

1.e4 Nc6 2.d4 d5 3.e5 f6 4.f4 Bf5 5.c3 e6 6.Nf3 Qd7 7.Bd3 Be4 8.O-O Nh6 9.
Bxe4 dxe4 10.Ne1 f5 11.Nc2 Be7 12.Be3 Ng4 13.h3 Nxe3 14.Nxe3 h5 15.Kh1 
O-O-O 16.Qa4 g5 17.b4 gxf4 18.Nc4 a6 19.b5 Na7 20.Nbd2 Qxb5 1/2-1/2

[Event "19th Hoogeveen op"]
[Site "Hoogeveen NED"]
[Date "2015.10.24"]
[Round "9.26"]
[White "Halfhide, Sebastian"]
[Black "Hortensius, Lisa"]
[Result "1/2-1/2"]
[WhiteElo "2102"]
[BlackElo "2154"]
[EventDate "2015.10.17"]
[PlyCount "107"]

1.e4 c5 2.Nf3 e6 3.d4 cxd4 4.Nxd4 Nc6 5.Nc3 Qc7 6.Be3 a6 7.Qd2 Nf6 8.O-O-O
Be7 9.f3 b5 10.g4 Nxd4 11.Bxd4 b4 12.Ne2 Bb7 13.Ng3 Rc8 14.Bd3 O-O 15.g5 
Ne8 16.f4 Qa5 17.Kb1 f5 18.Rhf1 Nd6 19.exf5 exf5 20.Qe3 Rf7 21.Qe5 Qxe5 
22.Bxe5 Ne4 23.Bxe4 fxe4 24.Rxd7 Bc6 25.Rdd1 Bc5 26.Bd6 Be3 27.Bxb4 Bxf4 
28.Rfe1 e3 29.Ba5 Bxg5 30.Bb6 Re8 31.Rd3 Bb5 32.c4 Bxc4 33.Rc3 Bb5 34.h4 
Bh6 35.Bxe3 Bxe3 36.Rcxe3 Rxe3 37.Rxe3 Rf4 38.h5 Rf2 39.b3 Kf7 40.Ne4 Rh2 
41.Nd6+ Kf6 42.Rf3+ Ke6 43.Nf5 Rg2 44.Nd4+ Kd5 45.Nxb5 axb5 46.Rf5+ Kc6 
47.a4 bxa4 48.bxa4 Kb6 49.Kc1 g6 50.hxg6 hxg6 51.Rb5+ Ka6 52.Kd1 Rg4 53.
Ke2 Rxa4 54.Rg5 1/2-1/2

[Event "19th Hoogeveen op"]
[Site "Hoogeveen NED"]
[Date "2015.10.24"]
[Round "9.27"]
[White "Poghosyan, Tigran"]
[Black "Hendriks, Richard V"]
[Result "1/2-1/2"]
[WhiteElo "2182"]
[BlackElo "2107"]
[EventDate "2015.10.17"]
[PlyCount "79"]

1.e4 e5 2.Nf3 Nc6 3.Bb5 f5 4.Nc3 fxe4 5.Nxe4 Nf6 6.Nxf6+ Qxf6 7.Qe2 Be7 8.
Bxc6 dxc6 9.Nxe5 Bf5 10.O-O O-O 11.d4 Bd6 12.f4 Bxe5 13.dxe5 Qg6 14.Rf2 h5
15.Kh1 h4 16.h3 b6 17.Be3 c5 18.Rg1 Be4 19.Qg4 Qxg4 20.hxg4 h3 21.Kh2 hxg2
22.e6 g6 23.Re1 Bc6 24.Bd2 Rae8 25.c4 Re7 26.Kg1 Rf6 27.Rfe2 Bf3 28.Rf2 
Bxg4 29.Rxg2 Bf5 30.Bc3 Rfxe6 31.Rxe6 Rxe6 32.Be5 Re7 33.Rh2 Rh7 34.Rxh7 
Kxh7 35.Bxc7 Bb1 36.a3 Bd3 37.Bb8 a5 38.Ba7 a4 39.Bxb6 Bxc4 40.Bxc5 
1/2-1/2

[Event "19th Hoogeveen op"]
[Site "Hoogeveen NED"]
[Date "2015.10.24"]
[Round "9.29"]
[White "Munnik, Talitha"]
[Black "Mellema, Andries"]
[Result "0-1"]
[WhiteElo "2037"]
[BlackElo "2162"]
[EventDate "2015.10.17"]
[PlyCount "76"]

1.e4 e6 2.d4 b6 3.c4 Bb7 4.Nc3 Bb4 5.Bd3 f5 6.Qc2 Nf6 7.f3 fxe4 8.fxe4 
Bxc3+ 9.bxc3 Nxe4 10.Nf3 d5 11.O-O O-O 12.cxd5 exd5 13.c4 Ba6 14.Ba3 Re8 
15.Rae1 Nd7 16.Rxe4 dxe4 17.Bxe4 Rxe4 18.Qxe4 Bxc4 19.Rf2 Nf6 20.Qe1 Qd5 
21.Qe7 Re8 22.Qxc7 Qxd4 23.h3 Qd1+ 24.Kh2 Qd5 25.Rd2 Qf7 26.Qg3 Ne4 27.Qe1
Nxd2 28.Qxd2 Qc7+ 29.Kh1 Rd8 30.Qc2 Qf7 31.Bb2 Bd5 32.Qd2 Rc8 33.Ne5 Qf1+ 
34.Kh2 Qxg2+ 35.Qxg2 Bxg2 36.Bd4 Rc2 37.a3 Ra2 38.Kg3 Bd5 0-1

[Event "19th Hoogeveen op"]
[Site "Hoogeveen NED"]
[Date "2015.10.24"]
[Round "9.30"]
[White "Mijnheer, Peter"]
[Black "Berghuis, Marten"]
[Result "1/2-1/2"]
[WhiteElo "2154"]
[BlackElo "1981"]
[EventDate "2015.10.17"]
[PlyCount "44"]

1.e4 c5 2.c3 d5 3.exd5 Qxd5 4.Nf3 Nf6 5.d4 Bg4 6.Be2 e6 7.h3 Bh5 8.O-O Be7
9.Be3 cxd4 10.cxd4 O-O 11.Nc3 Qd6 12.Qb3 Nc6 13.Rfd1 Nb4 14.Rac1 Rfc8 15.
Nb5 Qd8 16.Rxc8 Qxc8 17.Bf4 a6 18.Bd6 axb5 19.Bxe7 Nbd5 20.Bxf6 gxf6 21.a3
b4 22.axb4 Qf8 1/2-1/2

[Event "19th Hoogeveen op"]
[Site "Hoogeveen NED"]
[Date "2015.10.24"]
[Round "9.31"]
[White "Kokje, Joris"]
[Black "Rosmuller, Anton J"]
[Result "0-1"]
[WhiteElo "1983"]
[BlackElo "2137"]
[EventDate "2015.10.17"]
[PlyCount "128"]

1.f4 d5 2.Nf3 g6 3.e3 Bg7 4.Be2 Nh6 5.O-O O-O 6.d3 b6 7.Qe1 Nc6 8.h3 f6 9.
Nc3 d4 10.Nxd4 Nxd4 11.exd4 Qxd4+ 12.Kh1 Bb7 13.Bf3 Bxf3 14.Rxf3 Qd7 15.g4
f5 16.g5 Nf7 17.Bd2 Rfe8 18.Qg3 c5 19.Re1 e6 20.Re2 Nd8 21.Nd1 Nc6 22.c3 
Qd5 23.a3 Rad8 24.Kh2 Qb3 25.Qe1 Kf7 26.Bc1 Qd5 27.Kg3 Qd6 28.Nf2 h6 29.h4
hxg5 30.hxg5 Ne7 31.Nd1 b5 32.Bd2 Nc6 33.Nf2 a5 34.Kg2 Rh8 35.Nh3 Rde8 36.
Qd1 Qd5 37.Qf1 b4 38.axb4 axb4 39.Nf2 Rh2+ 40.Kg3 Reh8 41.Rfe3 e5 42.Rf3 
bxc3 43.bxc3 c4 44.dxc4 Qxc4 45.Re1 Qxf1 46.Rxf1 e4 47.Re3 Na5 48.Ra1 Nc4 
49.Ra7+ Kg8 50.Ra8+ Bf8 51.Re2 R8h3+ 52.Nxh3 Rxe2 53.Bc1 Rc2 54.Ra1 Rxc3+ 
55.Kg2 Bc5 56.Rb1 Rc2+ 57.Kg3 Kf7 58.Rb7+ Be7 59.Rb1 Ke6 60.Nf2 Rc3+ 61.
Kg2 e3 62.Bxe3 Nxe3+ 63.Kg1 Nd5 64.Re1+ Kf7 0-1

[Event "19th Hoogeveen op"]
[Site "Hoogeveen NED"]
[Date "2015.10.24"]
[Round "9.32"]
[White "Losekoot, Pascal"]
[Black "Hilwerda, Jonas"]
[Result "1/2-1/2"]
[WhiteElo "2126"]
[BlackElo "1954"]
[EventDate "2015.10.17"]
[PlyCount "44"]

1.d4 d5 2.c4 c6 3.Nf3 Nf6 4.Nc3 dxc4 5.e3 b5 6.a4 b4 7.Na2 e6 8.Bxc4 Bb7 
9.O-O Nbd7 10.Bd2 a5 11.Nc1 Bd6 12.Nd3 Qc7 13.h3 h6 14.Rc1 g5 15.e4 Nxe4 
16.Re1 Nxd2 17.Nxd2 Nb6 18.d5 Nxc4 19.Nxc4 cxd5 20.Nxd6+ Qxd6 21.Nc5 Bc8 
22.Qd4 O-O 1/2-1/2

[Event "19th Hoogeveen op"]
[Site "Hoogeveen NED"]
[Date "2015.10.24"]
[Round "9.33"]
[White "Elgersma, Simon"]
[Black "Van Randtwijk, Mick"]
[Result "0-1"]
[WhiteElo "2055"]
[BlackElo "1852"]
[EventDate "2015.10.17"]
[PlyCount "146"]

1.e4 c5 2.Nf3 Nc6 3.Bb5 g6 4.Bxc6 bxc6 5.d3 Bg7 6.h3 Nf6 7.O-O O-O 8.Re1 
d5 9.e5 Nd7 10.Bf4 Nb6 11.Nc3 Bf5 12.Qd2 Qd7 13.Bh6 Rab8 14.Bxg7 Kxg7 15.
a4 Qc7 16.Qf4 Nd7 17.b3 Rb4 18.Qg3 c4 19.Nd4 Be6 20.Qg5 Nc5 21.bxc4 dxc4 
22.Ne4 cxd3 23.c3 Nxe4 24.Rxe4 Rb2 25.Rh4 Rh8 26.Nxe6+ fxe6 27.Qh6+ Kg8 
28.Rf4 Rb8 29.Re4 c5 30.Rd1 c4 31.Qf4 Rc8 32.Qg4 Qc6 33.Rd4 Kg7 34.Qg5 Rc7
35.Rh4 h5 36.Rd4 Qxa4 37.R1xd3 Qa1+ 38.Rd1 Qxc3 39.Rd7 Rxd7 40.Rxd7 Re8 
41.Qf6+ Kh6 42.Qf7 Qe1+ 43.Kh2 Qxe5+ 44.f4 Qh8 45.g4 hxg4 46.hxg4 Qg8 47.
g5+ Kh5 48.Qxg8 Rxg8 49.Kg3 e5 50.Rxe7 exf4+ 51.Kxf4 Rf8+ 52.Kg3 Kxg5 53.
Rc7 Ra8 54.Rxc4 a5 55.Ra4 Kf5 56.Kf3 Ke5 57.Ke3 Kd5 58.Kd3 Kc5 59.Kc3 Kb5 
60.Kb3 Rf8 61.Rg4 a4+ 62.Ka3 Rf3+ 63.Ka2 Rf6 64.Ka3 Ra6 65.Kb2 a3+ 66.Kb3 
Kc5 67.Kc3 Kd5 68.Rg1 a2 69.Ra1 g5 70.Kd3 g4 71.Ke3 Kc4 72.Kd2 Kb3 73.Kc1 
g3 0-1

[Event "19th Hoogeveen op"]
[Site "Hoogeveen NED"]
[Date "2015.10.24"]
[Round "9.35"]
[White "Van Dael, Siem"]
[Black "Hummel, Joop"]
[Result "0-1"]
[WhiteElo "1978"]
[BlackElo "1990"]
[EventDate "2015.10.17"]
[PlyCount "64"]

1.e4 c5 2.Nf3 d6 3.d4 cxd4 4.Nxd4 Nf6 5.Nc3 a6 6.Be3 e5 7.Nb3 Be6 8.Be2 
Be7 9.O-O Nbd7 10.f4 Qc7 11.Nc1 exf4 12.Rxf4 Ne5 13.Nd5 Bxd5 14.exd5 b5 
15.Nb3 O-O 16.Rc1 Qb7 17.Rd4 Bd8 18.Rd2 Bb6 19.Bxb6 Qxb6+ 20.Kh1 Ne4 21.
Bd3 Nxd3 22.cxd3 Nf2+ 23.Rxf2 Qxf2 24.Rc2 Qf5 25.Nd4 Qxd5 26.Nc6 Rfe8 27.
h3 Re3 28.d4 Rae8 29.Kh2 Qg5 30.Qg4 Qxg4 31.hxg4 Re2 32.Rc3 g6 0-1

[Event "19th Hoogeveen op"]
[Site "Hoogeveen NED"]
[Date "2015.10.24"]
[Round "9.36"]
[White "Brantjes, Yme"]
[Black "De Wolf, Kees"]
[Result "0-1"]
[WhiteElo "1962"]
[BlackElo "1982"]
[EventDate "2015.10.17"]
[PlyCount "42"]

1.e4 c6 2.d4 d5 3.e5 g6 4.h3 f5 5.Be3 Na6 6.c3 Nc7 7.Bd3 b6 8.h4 e6 9.Nh3 
h6 10.Nf4 Ne7 11.g4 Kd7 12.Nxg6 Nxg6 13.gxf5 Nxh4 14.fxe6+ Nxe6 15.Kf1 Be7
16.f4 Rf8 17.Qg4 Rg8 18.Qh3 Kc7 19.f5 Ng7 20.e6 Ngxf5 21.Bf2 Rf8 0-1